01543nam a22002777a 450000100060000000300090000600500170001500800410003204000280007308200240010124500290012526000490015430000390020350000460024250000610028850500120034951505800036151500870094152500460102855500250107458800570109965000390115665000310119565100110122671000280123711191BD-DhUAP20200217111930.0200217s2003 ii ar w 0 a0eng c aMULbengcMULdBD-DhUAP 223 a348.54046 ALL 00aAll India reporter 2003. aNagpur, India :bAll India Reporter, c2003. avolumes :billustrations ;c25 cm. aSome of the volumes have on spine: A.I.R. aIncludes also text of acts, articles, book reviews, etc. aV. 90-- aVols. 1-36, 1914-1949; vols. 86-, 1999-, issued in separate parts, called sections: Journal section, Acts section, Federal Court section, Privy Council section, Allahabad section, Assam section, Bombay section, Calcutta section, East Punjab section, Gujarat section, Lahore section, Madhya Pradesh section, Madras section, Mysore section, Nagpur section, Patna section, Punjab section, Supreme Court section. Beginning with v. 91 (2004), a new section: Supreme Court monthly digest, appears, this vol. lacks the All India reporter title; but has A.I.R. 2004 (v. 91) on spine. aIsssues for <2015-> also include: Evolution of law section, and: Hyderbad section. aSome sections include supplement volumes. aVol. 93 (2006). 1 v. aLatest issue consulted: Vol. 102 (2015) (surrogate). 0aLaw reports, digests, etc.zIndia. 7aLaw reports, digests, etc. 7aIndia.2 aSupreme Court of India.